ბათუმის შოთა რუსთაველის სახელმწიფო უნივერსიტეტის ბიბლიოთეკა

Teaching Patients With Low Literacy Skills / (ბიბ.ჩანაწერი № 61722)

000 -LEADER
fixed length control field 00846nam a22002057a 4500
005 - DATE AND TIME OF LATEST TRANSACTION
control field 20240422122557.0
008 - FIXED-LENGTH DATA ELEMENTS--GENERAL INFORMATION
fixed length control field 240422s1985 enk||||| |||| 00| 0 eng d
020 ## - INTERNATIONAL STANDARD BOOK NUMBER
International Standard Book Number 9780397544981x
041 ## - LANGUAGE CODE
Language code of text/sound track or separate title eng
080 ## - UNIVERSAL DECIMAL CLASSIFICATION NUMBER
Universal Decimal Classification number 61 D-68
100 ## - MAIN ENTRY--PERSONAL NAME
Personal name Doak, Cecilia Conrath
9 (RLIN) 21903
245 ## - TITLE STATEMENT
Title Teaching Patients With Low Literacy Skills /
Statement of responsibility, etc. Cecilia Conrath Doak, Leonard G. Doak, Jane H. Root.
264 ## - PRODUCTION, PUBLICATION, DISTRIBUTION, MANUFACTURE, AND COPYRIGHT NOTICE
Place of production, publication, distribution, manufacture London :
Name of producer, publisher, distributor, manufacturer Lippincott Company,
Date of production, publication, distribution, manufacture, or copyright notice 1985.
300 ## - PHYSICAL DESCRIPTION
Extent 172 p.:
Other physical details ill.;
Dimensions 23 cm.
653 ## - INDEX TERM--UNCONTROLLED
keyword წერა-კითხვის სწავლება დაბალი უნარების მქონე პაციენტებისთვის
653 ## - INDEX TERM--UNCONTROLLED
keyword მედიცინა
700 ## - ADDED ENTRY--PERSONAL NAME
Personal name Doak Leonard G.
Relator term ავტორი
9 (RLIN) 21904
700 ## - ADDED ENTRY--PERSONAL NAME
Personal name Root, Jane H.
Relator term ავტორი
9 (RLIN) 21905
942 ## - ADDED ENTRY ELEMENTS (KOHA)
Source of classification or shelving scheme
Koha item type წიგნი
ეგზემპლარები
Withdrawn status Lost status Source of classification or shelving scheme Damaged status Not for loan Permanent Location Current Location Shelving location Date acquired Cost, normal purchase price Full call number Barcode Date last seen Copy number Price effective from Koha item type Public note
          ბათუმის შოთა რუსთაველის სახელმწიფო უნივერსიტეტის მთავარი ბიბლიოთეკა ბათუმის შოთა რუსთაველის სახელმწიფო უნივერსიტეტის მთავარი ბიბლიოთეკა წიგნსაცავი 2024-04-22 10.00 61 D-68 67888 2024-04-22 67888 2024-04-22 წიგნი 10 ლ.